00596 2200253 4500001002100000005001500021035002000036008004100056245003700097300003000134020002200164082000800186084001400194260004400208650001000252990001000262990001000272990001000282990001000292990001000302990001000312990001000322990001000332INLIS00000000000000320260226091221 a0010-1123000003231121 0 ind  aAnak Kolong /cPudji Isdriani R. avi+ 342 hlm ;c14,8x21 cm a978-602-1610-01-5 a813 a813 PUD a aJakarta :bCV. Berkah Jasa Niaga,c2014 4aFiksi a1.025 a1.026 a1.027 a1.028 a1.029 a1.030 a1.031 a1.032